Zoology / (رقم التسجيلة. 32563)

تفاصيل مارك
000 -الفاتح
حقل البيانات ثابتة الطول 01292cam a2200361 a 4500
001 - رقم الضبط
رقم الضبط 17354946
003 - محدد رقم الضبط
رقم الضبط OSt
005 - وقت وتاريخ اخر تعامل مع التسجيلة
رقم الضبط 20150408114157.0
008 - عناصر البيانات ثابتة الطول - معلومات عامة
حقل البيانات ثابتة الطول 120620s2013 nyuab 001 0 eng
010 ## - رقم ضبط مكتبة الكونجرس
رقم ضبط مكتبة الكونجرس 2012020025
020 ## - الرقم الدولى المعيارى للكتب
الرقم الدولى المعيارى للكتاب 9780073524177 (hbk.)
020 ## - الرقم الدولى المعيارى للكتب
الرقم الدولى المعيارى للكتاب 0073524174 (hbk.)
020 ## - الرقم الدولى المعيارى للكتب
الرقم الدولى المعيارى للكتاب 9780076637683
020 ## - الرقم الدولى المعيارى للكتب
الرقم الدولى المعيارى للكتاب 9780071318587
040 ## - مصدر الفهرسة
وكالة الفهرسة الأصلية DLC
وكالة النسخ DLC
وكالة التعديل DLC
042 ## - رمز التحقق
رمز التحقق pcc
050 00 - رقم طلب مكتبة الكونجرس
رقم التصنيف QL47.2
رقم المادة .M55 2013
082 00 - رقم تصنيف ديوى العشرى
رقم التصنيف 590
رقم الطبعة 23
رقم المادة MSZ
100 1# - المدخل الرئيسى - إسم شخصى
الإسم الشخصى Miller, Stephen A.
9 (RLIN) 36266
245 10 - بيان العنوان
العنوان Zoology /
بيان المسئوليه,etc Stephen A. Miller, John P. Harley.
250 ## - بيان الطبعة
بيان الطبعة 9th ed.
260 ## - PUBLICATION, DISTRIBUTION, ETC. (IMPRINT)
مكان الناشر او الموزع New York :
اسم الناشر او الموزع McGraw-Hill,
تاريخ النشر أو التوزيع c2013.
300 ## - الوصف المادى
التعداد xiv, 617 p. :
تفاصيل ماديه اخرى للوعاء col. ill, col. maps ;
أبعاد الوعاء 29 cm.
500 ## - تبصرة عامة
تبصرة عامة Includes index.
650 #0 - المدخل الاضافى بالموضوع-مصطلح موضوعى
مصطلح موضوعي أو اسم جغرافي كعنصر مدخل Zoology.
700 1# - المدخل الاضافى - اسم شخصى
الإسم الشخصى Harley, John P.
9 (RLIN) 36267
856 42 - الوصول و الموقع الالكترونى
مواد محددة Contributor biographical information
معرف المصدر الموحد <a href="http://www.loc.gov/catdir/enhancements/fy1304/2012020025-b.html">http://www.loc.gov/catdir/enhancements/fy1304/2012020025-b.html</a>
856 42 - الوصول و الموقع الالكترونى
مواد محددة Publisher description
معرف المصدر الموحد <a href="http://www.loc.gov/catdir/enhancements/fy1304/2012020025-d.html">http://www.loc.gov/catdir/enhancements/fy1304/2012020025-d.html</a>
856 41 - الوصول و الموقع الالكترونى
مواد محددة Table of contents only
معرف المصدر الموحد <a href="http://www.loc.gov/catdir/enhancements/fy1304/2012020025-t.html">http://www.loc.gov/catdir/enhancements/fy1304/2012020025-t.html</a>
906 ## - عنصر بيانات محلى F, LDF (RLIN)
a 7
b cbc
c orignew
d 1
e ecip
f 20
g y-gencatlg
942 ## - عناصر المدخل الإضافي( كوها)
مصدر التصنيف او مخطط الترفيف Dewey Decimal Classification
Koha [default] item type كتاب
المقتنيات
حالة الفقد نموذج السعر الفعال حالة تلف ليس للاعارة رقم الطلب تاريخ الاكتساب الموقع الحالي الباركود الفرع الرئيسي Date last seen نوع المادة فى نظام كوها مصدر التصنيف او خطة الترفيف Total Checkouts
  2013-12-12     590 MSZ 2013-12-12 المكتبة المركزية بالمجمعة (CL) 00452843 المكتبة المركزية بالمجمعة (CL) 2013-12-12 كتاب Dewey Decimal Classification  
  2013-12-12     590 MSZ 2013-12-12 المكتبة المركزية بالمجمعة (CL) 00452844 المكتبة المركزية بالمجمعة (CL) 2013-12-12 كتاب Dewey Decimal Classification  
  2013-12-12     590 MSZ 2013-12-12 المكتبة المركزية بالمجمعة (CL) 00452845 المكتبة المركزية بالمجمعة (CL) 2013-12-12 كتاب Dewey Decimal Classification  
  2013-12-12     590 MSZ 2013-12-12 مكتبة مجمع الكليات بالزلفى - طلاب (SZM) 00452846 مكتبة مجمع الكليات بالزلفى - طلاب (SZM) 2013-12-12 كتاب Dewey Decimal Classification  
  2013-12-12     590 MSZ 2013-12-12 مكتبة مجمع الكليات بالزلفى - طلاب (SZM) 00452847 مكتبة مجمع الكليات بالزلفى - طلاب (SZM) 2013-12-12 كتاب Dewey Decimal Classification  
  2013-12-12     590 MSZ 2013-12-12 مكتبة مجمع الكليات بالزلفى - طلاب (SZM) 00452848 مكتبة مجمع الكليات بالزلفى - طلاب (SZM) 2013-12-12 كتاب Dewey Decimal Classification